Gino Malacarne : (Registro nro. 12427)

Detalles MARC
000 -LEADER
longitud fija campo de control 02110nam a22004217a 4500
003 - IDENTIFICADOR DE NUMERO DE CONTROL
control del campo AR-RoUNA
005 - FECHA DE LA ULTIMA MODIFICACION
control del campo 20260522114012.0
008 - CAMPO DE CONTROL - LIBROS
longitud fija campo de control 260522b |||||||| |||| 00| 0 spa d
020 ## - INTERNATIONAL STANDARD BOOK NUMBER
ISBN 9788893872232
040 ## - ORIGEN DE LA CATALOGACION
Agencia que cataloga la obra original AR-RoUNA
Idioma en que se cataloga spa
Entidad que modifico el registro AR-RoUNA
041 ## - CODIGO DE IDIOMA
Codigo de idioma del texto / sonido o titulo separado ita
Codigo de idioma de la traduccion original y / o intermedios de texto ita
044 ## - CODIGO DE PAIS / ENTIDAD PRODUCTORA
Codigo MARC del pais ag
245 10 - TITULO PROPIAMENTE DICHO
Titulo Gino Malacarne :
Subtitulo architetture /
Mencion de responsabilidad, etc editores Francesco Lucchi; Cinzia Simioni; Alessandro Tognon
250 ## - MENCION DE EDICION
Edicion declarada 1a. ed.
260 ## - EDITORIAL - PUBLICACION, DISTRIBUCION, ETC. (Pie de imprenta)
Lugar de publicacion, distribucion, etc Padua, Italia:
Nombre del editor, distribuidor, etc Il Poligrafo,
Fecha de publicacion 2022
300 ## - DESCRIPCION FISICA
Extension 107 p.:
Otros detalles fisicos fot. col.,
Dimensiones 21x21 cm
505 0# - NOTA DE CONTENIDO CON FORMATO
Título INDICE
505 0# - NOTA DE CONTENIDO CON FORMATO
Título Alessandro Tognon / El oficio del arquitecto p.7
505 0# - NOTA DE CONTENIDO CON FORMATO
Título José Ignacio Linazasoro / La arquitectura urbana de Gino Malacarne p.11
505 0# - NOTA DE CONTENIDO CON FORMATO
Título Raffaella Neri / Arquitectos felices p.15
505 0# - NOTA DE CONTENIDO CON FORMATO
Título Gino Malacarne / Por una belleza útil p.21
505 0# - NOTA DE CONTENIDO CON FORMATO
Título Proyectos p.27
505 0# - NOTA DE CONTENIDO CON FORMATO
Título Biografía p.105
505 0# - NOTA DE CONTENIDO CON FORMATO
Título Autores y colaboradores p.106
520 3# - NOTA DE RESUMEN
Nota de resumen, etc. Este documento, presenta una selección de proyectos y obras de Gino Malacarne, desarrollados a lo largo del tiempo, que representan fielmente su comprensión de la arquitectura y la ciudad. Al observar estos proyectos y dibujos, queda claro que la investigación de Malacarne siempre ha girado en torno a la ciudad y que siempre ha buscado construir fragmentos de ella a través de una arquitectura urbana que contribuya a la creación de espacios donde se desarrolla la vida humana. Inspirado a construir e inventar lugares donde una comunidad pueda reconocerse a sí misma, donde, más allá de la función y el uso, incluso el encuentro, el fomento de encuentros o simplemente los acontecimientos representen objetivos igualmente previsibles.
650 #4 - MATERIA - TERMINO TEMATICO
Término temático general Arquitectura
650 #4 - MATERIA - TERMINO TEMATICO
Término temático general Proyectos urbanos
650 #4 - MATERIA - TERMINO TEMATICO
Término temático general Ciudades
General subdivision Lugar
700 1# - ENTRADA SECUNDARIA - NOMBRES PERSONALES
Nombre personal Malacarne, Gino
Función ed.
9 (RLIN) 27746
700 1# - ENTRADA SECUNDARIA - NOMBRES PERSONALES
Nombre personal Lucchi, Francesco
Función ed.
9 (RLIN) 27744
700 1# - ENTRADA SECUNDARIA - NOMBRES PERSONALES
Nombre personal Simioni, Cinzia
Función ed.
9 (RLIN) 27747
700 1# - ENTRADA SECUNDARIA - NOMBRES PERSONALES
Nombre personal Tognon, Alejandro
Función ed.
9 (RLIN) 27748
908 ## - SOPORTE
Soporte Imp
930 ## - ACCESION
Numero de accesion (NR) 12335
942 ## - FUENTE DE CLASIFICACION
Clasificacion Universal Decimal Classification
Tipo de item Libro
945 ## - INFORMACION DE PROCESAMIENTO
Fecha de ingreso o modificacion 2026-05-22
980 ## - DECLARACIÓN DE EQUIVALENCIA O SERIE DE REFERENCIA CRUZADA - NOMBRE / TÍTULO PERSONAL [LOCAL, CANADÁ]
Código del operador 1
Nombre del operador Maricel Allasia
Código del operador que modifico el registro 1
Nombre del operador que modifico el registro Maricel Allasia
Existencias
Estado retiro Estado perdido Sistema de clasificacion Estado general Restricciones de uso Biblioteca de origen Ubicacion actual Localizacion en estante Fecha de adquisicion Fuente de adquisicion Prestamos totales Signatura y librística Proveedor Numero de ejemplar Tipo de elemento KOHA Nota no publica
Disponible Disponible cdu No dañado Ningun uso de restricciones Arq. Hilarión H. Larguia Arq. Hilarión H. Larguia Tec 22/05/2026 Don   72.01 G493 18501 ej. 1 Libro